000
00267nam a2200109Ia 4500
008
190914s9999||||xx |||||||||||||| ||und||
100
_a
Shyam Dua
245
4
_a
The Luminous Life of Jawaharlal Nehru
260
_a
New York
_b
Addison
_c
2001
300
_a
974
942
_c
BK
999
_c
8962
_d
8962